2025 Movies by Poster - Statistics

General Stats
  • This quiz has been taken 152 times
  • The average score is 11 of 16
Answer Stats
Picture Answer % Correct
Superman
89%
Snow White
85%
How to Train Your Dragon
83%
Thunderbolts*
80%
A Minecraft Movie
79%
F1
77%
Smurfs
76%
28 Years Later
69%
Captain America: Brave New World
60%
Dog Man
59%
Ballerina
53%
Elio
52%
The Phoenician Scheme
51%
Mission: Impossible: The Final Reckoning
50%
The Fantastic Four: First Steps
50%
Karate Kid: Legends
39%
No matching quizzes found
Score Distribution
Percent of People with Each Score
Percentile by Number Answered
Your Score History
You have not taken this quiz